Social psychology / (Record no. 4876)
[ view plain ]
| 000 -LEADER | |
|---|---|
| fixed length control field | 00750cam a22002294a 4500 |
| 001 - CONTROL NUMBER | |
| control field | 13585248 |
| 005 - DATE AND TIME OF LATEST TRANSACTION | |
| control field | 20250317123451.0 |
| 008 - FIXED-LENGTH DATA ELEMENTS--GENERAL INFORMATION | |
| fixed length control field | 040507s2005 maua b 001 0 eng |
| 020 ## - INTERNATIONAL STANDARD BOOK NUMBER | |
| International Standard Book Number | 007291694X (alk. paper) |
| 020 ## - INTERNATIONAL STANDARD BOOK NUMBER | |
| International Standard Book Number | 9780072916942 |
| 050 00 - LIBRARY OF CONGRESS CALL NUMBER | |
| Classification number | HM1033 |
| Item number | .M897 2005 |
| 082 00 - DEWEY DECIMAL CLASSIFICATION NUMBER | |
| Classification number | 302 |
| Edition information | 22 |
| 100 1# - MAIN ENTRY--PERSONAL NAME | |
| Personal name | Myers, David G. |
| 245 10 - TITLE STATEMENT | |
| Title | Social psychology / |
| Statement of responsibility, etc. | David G. Myers. |
| 250 ## - EDITION STATEMENT | |
| Edition statement | 8th ed. |
| 260 ## - PUBLICATION, DISTRIBUTION, ETC. | |
| Place of publication, distribution, etc. | Boston : |
| Name of publisher, distributor, etc. | McGraw-Hill, |
| Date of publication, distribution, etc. | c2005. |
| 300 ## - PHYSICAL DESCRIPTION | |
| Extent | xxiv, 663, [151] p. : |
| Other physical details | ill. ; |
| Dimensions | 26 cm. + |
| Accompanying material | 1 CD-ROM (4 3/4 in.) |
| 500 ## - GENERAL NOTE | |
| General note | Title on disc: SocialSense. |
| 500 ## - GENERAL NOTE | |
| General note | Includes registration code for access to McGraw-Hill online resources (http://www.mhhe.com/myers8). |
| 650 #0 - SUBJECT ADDED ENTRY--TOPICAL TERM | |
| Topical term or geographic name entry element | Social psychology. |
| 942 ## - ADDED ENTRY ELEMENTS (KOHA) | |
| Source of classification or shelving scheme | Library of Congress Classification |
| Koha item type | Books |
| Edition | 8th Ed. |
| Suppress in OPAC | No |
| 999 ## - | |
| -- | 4876 |
| -- | 4876 |
| Withdrawn status | Lost status | Source of classification or shelving scheme | Damaged status | Not for loan | Collection | Home library | Current library | Shelving location | Date acquired | Total checkouts | Full call number | Barcode | Date last seen | Copy number | Price effective from | Koha item type |
|---|---|---|---|---|---|---|---|---|---|---|---|---|---|---|---|---|
| Library of Congress Classification | Non-fiction | Business Library (Miotso) | Business Library (Miotso) | General stacks | 03/17/2025 | HM1033 .M897 2005 | BSSM00001411 | 03/17/2025 | 1 | 03/17/2025 | Books |